Welcome to the Holygrace Academy Library

Please use search bar below to get started

PETALS ON THE GANGA (Record no. 2806)

MARC details
000 -LEADER
fixed length control field 00570nam a22001457a 4500
020 ## - INTERNATIONAL STANDARD BOOK NUMBER
ISBN 978-93-5333-397-3
082 ## - DEWEY DECIMAL CLASSIFICATION NUMBER
Classification number 823
Item number BON/R
100 ## - MAIN ENTRY--AUTHOR NAME
Personal name BOND, RUSKIN
245 ## - TITLE STATEMENT
Title PETALS ON THE GANGA
260 ## - PUBLICATION, DISTRIBUTION, ETC. (IMPRINT)
Place of publication DELHI
Name of publisher RUPA PUBLICATIONS
Year of publication 2019
300 ## - PHYSICAL DESCRIPTION
Number of Pages 102
520 ## - SUMMARY, ETC.
Summary, etc In these heart-warming stories, Bond talks of the various elements of nature as if they are members of his family. He also endows the flora and fauna that he encounters with distinct personalities, and himself recedes into the background as a silent observer.
650 ## - SUBJECT ADDED ENTRY--TOPICAL TERM
Topical Term NOVEL
Geographic subdivision INDIA
942 ## - ADDED ENTRY ELEMENTS (KOHA)
Koha item type Books
Holdings
Withdrawn status Lost status Collection code Home library Current library Shelving location Date acquired Source of acquisition Cost, normal purchase price Full call number Accession Number Koha item type
    Fiction Main Library Main Library SHELF-14B -ALPHABETICAL -B--ENGLISH NOVELS & FICTIONS 28/11/2019 purchase 195.00 823 BON/R 12068 Books